| 000 | 01944cab a2200313 4500 | ||
|---|---|---|---|
| 001 | ABS68584 | ||
| 008 | 041206n2004 000 0 eng u | ||
| 035 | _a(Sirsi) u128201 | ||
| 100 | _aTelfer, S. | ||
| 245 | _aExtending public sewerage networks | ||
| 260 | _c2004 | ||
| 490 |
_aScottish Planning and Environmental Law _v(105) October 2004, 101-106(6) |
||
| 520 | _aExamines some of the legal and practical issues surrounding the funding of additional capacity within the existing wastewater infrastructure to allow new housing development in Scotland over the next five years, referring in particular to the two consultations released by the Scottish Executive in July 2004. Focuses on the future expansion of the public sewerage network where the main problems in terms of development constraints for new housing probably lie but also makes relevant comments on the delivery of drinking water to new homes and businesses. Concludes that Scotland is facing a development crisis and that the Scottish Executive needs to find ways to manage this crisis until the realisation of their long-term commitment as proposed in the consultations to overcome development constraint through publicly funded capital investment can be realised. References. | ||
| 590 | _aABS | ||
| 650 | _aQUALITY AND STANDARDS III PROJECT | ||
| 650 | _aSEWERAGE (SCOTLAND) ACT 1968 | ||
| 650 | _aWATER (SCOTLAND) ACT 1980 | ||
| 650 | _aWATER ENVIRONMENT AND WATER SERVICES (SCOTLAND) ACT 2003 | ||
| 650 | _aBATHING WATER (CLASSIFICATION) (SCOTLAND) REGULATIONS 1991 | ||
| 650 | _aURBAN WASTE WATER TREATMENT (SCOTLAND) REGULATIONS 1994 | ||
| 650 | _aWASTE WATER | ||
| 650 | _aRESIDENTIAL DEVELOPMENT | ||
| 650 | _aSCOTLAND | ||
| 650 | _aPUBLIC SEWERS | ||
| 650 | _aCONTROL OF POLLUTION ACT 1974 S34 | ||
| 650 | _aTAYSIDE REGIONAL COUNCIL V SOS FOR SCOTLAND 1996 | ||
| 690 | _aENVIRONMENTAL AND LAND CONSULTANCY-WASTE MANAGEMENT | ||
| 942 | _n0 | ||
| 999 |
_c74650 _d74650 |
||